| 000 | 00457cam a2200193ua 4500 | ||
|---|---|---|---|
| 020 | _c80 | ||
| 041 |
_aeng _h |
||
| 082 |
_a334 _bSAT/CO |
||
| 100 | _aSathianadhan, W R S . | ||
| 245 |
_aCo-operation / _cW R S Sathianadhan. _hTextual Documents |
||
| 250 |
_a2 / _b. |
||
| 260 |
_aLondon : _bOxford University Press , _c1962. |
||
| 300 | _a45 ; . | ||
| 365 | _a80 | ||
| 504 | _a | ||
| 700 | 1 | _aRyan, J C . | |
| 942 | _cBK | ||
| 999 |
_c11416 _d11416 |
||